000 00737 a2200193 4500
010 _aENG-88202
020 _a8180694518
_c900.00
035 _aEN-71735
037 _bDBAD / PUB
082 1 4 _a332.10680954
090 _c7977
_d7977
100 1 _a Ramesh Babu, G.
245 1 _aManagement of financial institutions in India :
_b:[ for MBA (finance), CFA, MFA, MFC, PGDFM and other professional courses]/
_cby G. Ramesh Babu
260 _aNew Delhi
_bConcept Publishing Co.
_c2007
270 _aA/15-16, commercial Block, Mohan Garden, New Delhi
_e110 059
300 _a460 p.
_c23 cm. (Hb)
942 _adpl
_cEN
_k332.10680954 / GRA
999 _c7834
_d7834